| 000 -LEADER | |
|---|---|
| fixed length control field | 00885cam a2200289 a 4500 |
| 001 - CONTROL NUMBER | |
| control field | 14053723 |
| 003 - CONTROL NUMBER IDENTIFIER | |
| control field | OSt |
| 005 - DATE AND TIME OF LATEST TRANSACTION | |
| control field | 20250420134814.0 |
| 008 - FIXED-LENGTH DATA ELEMENTS--GENERAL INFORMATION | |
| fixed length control field | 050727s2006 nyu b 001 0 eng |
| 010 ## - LIBRARY OF CONGRESS CONTROL NUMBER | |
| LC control number | 2005052282 |
| 020 ## - INTERNATIONAL STANDARD BOOK NUMBER | |
| International Standard Book Number | 9780071465793 |
| 040 ## - CATALOGING SOURCE | |
| Original cataloging agency | DLC |
| Transcribing agency | KCST |
| 050 00 - LIBRARY OF CONGRESS CALL NUMBER | |
| Classification number | QA184.2 |
| Item number | .M36 2006 |
| 082 00 - DEWEY DECIMAL CLASSIFICATION NUMBER | |
| Classification number | 512.5 |
| Edition information | 22 |
| Item number | Mc Li |
| 100 1# - MAIN ENTRY--PERSONAL NAME | |
| Personal name | McMahon, David |
| Fuller form of name | (David M.) |
| 9 (RLIN) | 4805 |
| 245 10 - TITLE STATEMENT | |
| Title | Linear algebra demystified : |
| Remainder of title | a self-teaching guide / |
| Statement of responsibility, etc. | David McMahon. |
| 260 ## - PUBLICATION, DISTRIBUTION, ETC. | |
| Place of publication, distribution, etc. | New York : |
| Name of publisher, distributor, etc. | McGraw-Hill, |
| Date of publication, distribution, etc. | 2006. |
| 300 ## - PHYSICAL DESCRIPTION | |
| Extent | x, 255 p. ; |
| Dimensions | 24 cm. |
| 490 1# - SERIES STATEMENT | |
| Series statement | Demystified series |
| 504 ## - BIBLIOGRAPHY, ETC. NOTE | |
| Bibliography, etc. note | Includes bibliographical references and index. |
| 650 #0 - SUBJECT ADDED ENTRY--TOPICAL TERM | |
| Topical term or geographic name entry element | Linear algebra |
| Form subdivision | Popular works. |
| 9 (RLIN) | 4806 |
| 650 #0 - SUBJECT ADDED ENTRY--TOPICAL TERM | |
| Topical term or geographic name entry element | Linear algebra |
| Form subdivision | Problems, exercises, etc. |
| 9 (RLIN) | 4807 |
| 655 ## - INDEX TERM--GENRE/FORM | |
| Genre/form data or focus term | Problems, exercises, etc. |
| 9 (RLIN) | 4808 |
| 830 ## - SERIES ADDED ENTRY--UNIFORM TITLE | |
| Uniform title | Demystified series |
| 9 (RLIN) | 4809 |
| 942 ## - ADDED ENTRY ELEMENTS (KOHA) | |
| Koha item type | Book |
| 942 ## - ADDED ENTRY ELEMENTS (KOHA) | |
| Source of classification or shelving scheme | Dewey Decimal Classification |
| Withdrawn status | Lost status | Source of classification or shelving scheme | Damaged status | Not for loan | Home library | Current library | Date acquired | Source of acquisition | Cost, normal purchase price | Total checkouts | Full call number | Barcode | Date last seen | Price effective from | Koha item type |
|---|---|---|---|---|---|---|---|---|---|---|---|---|---|---|---|
| Dewey Decimal Classification | KCST Library | KCST Library | 29/07/2020 | Unknown | 0.00 | 512.5 Mc Li | 1000000454 | 29/07/2020 | 29/07/2020 | Book |